La educación sexual de nuestros hijos / (Record no. 52915)

MARC details
000 -LEADER
campo de control de longitud fija 00722nam a2200217 i 4500
001 - NÚMERO DE CONTROL
campo de control 52915
003 - IDENTIFICADOR DE NÚMERO DE CONTROL
campo de control ES-MaACL
005 - FECHA Y HORA DE LA ÚLTIMA TRANSACCIÓN
campo de control 20250913153947.0
007 - CAMPO FIJO DE DESCRIPCIÓN FÍSICA--INFORMACIÓN GENERAL
campo de control de longitud fija t|
008 - DATOS DE LONGITUD FIJA--INFORMACIÓN GENERAL
campo de control de longitud fija 030910s1970 sp ||||1| spa d
080 ## - NÚMERO DE LA CLASIFICACIÓN DECIMAL UNIVERSAL
Número de la Clasificación Decimal Universal 37.03:176
100 1# - ENTRADA PRINCIPAL--NOMBRE DE PERSONA
Nombre de persona Delarge, Bernarda.
9 (RLIN) 173799
245 13 - MENCIÓN DEL TÍTULO
Título La educación sexual de nuestros hijos /
Mención de responsabilidad, etc. Bernarda Delarge ; prólogo del doctor Eck ; traducción por Felipe Ximénez de Sandoval.
260 ## - PUBLICACIÓN, DISTRIBUCIÓN, ETC.
Lugar de publicación, distribución, etc. Madrid :
Nombre del editor, distribuidor, etc. Studium,
Fecha de publicación, distribución, etc. [1970]
300 ## - DESCRIPCIÓN FÍSICA
Extensión 68 p. ;
Dimensiones 19 cm.
650 #7 - PUNTO DE ACCESO ADICIONAL DE MATERIA--TÉRMINO DE MATERIA
Término de materia o nombre geográfico como elemento de entrada Educación sexual de niños
Fuente del encabezamiento o término embne
9 (RLIN) 12122
700 1# - ENTRADA AGREGADA--NOMBRE PERSONAL
Nombre de persona Eck, Marcel.
9 (RLIN) 46596
700 1# - ENTRADA AGREGADA--NOMBRE PERSONAL
Nombre de persona Ximénez de Sandoval, Felipe,
Fechas asociadas al nombre 1903-1978
9 (RLIN) 117510
852 4# - LOCALIZACIÓN
Ubicación ES-MaACL
Número de control de estantería C-50093
Holdings
Estatus retirado Estado de pérdida Estado de daño No para préstamo Biblioteca de origen Biblioteca actual Ubicación en estantería Fecha de adquisición Fuente de adquisición Total de préstamos Signatura topográfica completa Código de barras Visto por última vez Precio de reemplazo Tipo de ítem Koha
        Biblioteca del Ateneo de Madrid Biblioteca del Ateneo de Madrid Depósito 2 17/01/2008     C-50093 1055608 23/02/2023 23/02/2023 Libro impreso